The wealth of the nation: an economic history of the United States (Record no. 493195)

000 -LEADER
fixed length control field 00390cam a22001337a 4500
008 - FIXED-LENGTH DATA ELEMENTS--GENERAL INFORMATION
fixed length control field 180718b1990 xxu||||| |||| 00| 0 eng d
020 ## - INTERNATIONAL STANDARD BOOK NUMBER
International Standard Book Number 0060914556
082 ## - DEWEY DECIMAL CLASSIFICATION NUMBER
Classification number T11 Sm51
100 ## - MAIN ENTRY--PERSONAL NAME
Personal name Bruchey, Stuart
245 ## - TITLE STATEMENT
Title The wealth of the nation: an economic history of the United States
Statement of responsibility, etc. by Stuart Bruchey
260 ## - PUBLICATION, DISTRIBUTION, ETC.
Place of publication, distribution, etc. New Delhi
Name of publisher, distributor, etc. Asian
Date of publication, distribution, etc. 1990
300 ## - PHYSICAL DESCRIPTION
Extent 259p.
650 ## - SUBJECT ADDED ENTRY--TOPICAL TERM
Topical term or geographic name entry element Wealth, economics
Holdings
Withdrawn status Lost status Damaged status Not for loan Permanent Location Current Location Date acquired Full call number Barcode Date last seen Price effective from Koha item type
        Indian Institute of Public Administration Indian Institute of Public Administration 2018-08-04 T11 Sm51 GR17376 2018-08-04 2018-08-04 GR

Powered by Koha